Responses for Show #2108 - Wednesday, November 3, 1993

Drawing for Season 5 & Season 6 players for the 10th Anniversary Tournament.

Contestants

[<< previous game]

Patrick Fay, an attorney from New York City, New York

Jackie Moore, a Ph.D. candidate from College Park, Maryland

Michael Keller, a meeting planner from Forest Hills, New York (whose 1-day cash winnings total $7,800)

[next game >>]

Jeopardy! Round responses

WORLD CAPITALS
NURSERY RHYMES
GENERAL SCIENCE
TOSSED
SALAD DAYS
COMMON BONDS
    $100 1
Lisbon

Michael
    $100 10
Old King Cole

Jackie
    $100 13
fluid

Jackie
    $100 9
(Jackie: What is a quarter? A [*]?)
(Alex: It's not going to be a quarter though, I don't think.)

coin

Jackie
    $100 6
mayonnaise

Jackie
    $100 21
stars

Michael
    $200 2
Brussels

Patrick
    $200 11
sneeze

Patrick
    $200 17
taste

Jackie
    $200 12
life preserver

Patrick
    $200 7
olives

Michael
    $200 22
woodwinds

Patrick
    $300 3
Vienna

Jackie
    $300 14
Little Tommy Tucker

Triple Stumper
    $300 18
(Patrick: What's a kernel?)

husk

MichaelPatrick
    $300 28
Minnow

Jackie
    $300 8
(Jackie: What are pineapple?)

apples

Jackie
Triple Stumper
    $300 23
(Jackie: What are lakes?)
(Michael: What are bays?)

deserts

MichaelJackiePatrick
    $400 4
Kathmandu

Michael
    $400 15
butter

Jackie
    $400 19
(Michael: What is the apex?)

zenith

MichaelJackie
    $400 29
(Jackie: What's the javelin?)
(Michael: What is the shot put?)

discus

MichaelJackiePatrick
    $400 26
German potato salad

Jackie
    $400 24
popes

Patrick
    $500 5
Dublin

Jackie
    $500 16
(Jackie: What's a wife?)

Peter Peter Pumpkin Eater

Jackie
Triple Stumper
    $500 20
(Jackie: Uh....sorry.)

enzyme

JackiePatrick
    $700 30
(Alex: [*]. Well done. Bobby Lewis was the singer.)
[The song was played again leading into the break.]

"Tossin' And Turnin'"

Patrick
    $500 27
endive

Jackie
    $500 25
suits

Michael

Scores at the first commercial break (after clue 15):

Michael Jackie Patrick
$700 $1,300 $600

Scores at the end of the Jeopardy! Round:

Michael Jackie Patrick
$500 $1,400 $2,800

Double Jeopardy! Round responses

THE 20TH CENTURY
CONTEMPORARIES
DIVAS
ARCHITECTURAL TERMS
BOOKS & AUTHORS
LAND OF ____
    $200 12
Somalia

Jackie
    $200 6
Cervantes

Patrick
    $200 1
Metropolitan

Patrick
    $200 2
window

Jackie
    $200 7
The Canterbury Tales

Patrick
    $200 24
Illinois

Patrick
    $400 13
(Patrick: What is the Crimean War?)

World War I

JackiePatrick
    $400 17
Marie Antoinette

Michael
    $400 4
Maria Callas

Michael
    $400 3
Egypt

Michael
    $400 8
Great Expectations

Jackie
    $400 25
free

Patrick
    $600 14
Yuri Gagarin

Patrick
    $600 18
The Ring

Jackie
    $600 5
Leontyne

Jackie
    $600 21
Mecca

Jackie
    $600 9
John Steinbeck

Patrick
    $600 26
(Jackie: What is ice?)

the Midnight Sun

MichaelJackie
    $800 15
Betty Friedan

Jackie
    $1,000 19
Fahrenheit & Celsius

Jackie
    $800 23
Sydney

Jackie
    $800 22
(Patrick: What is a dome?)

column

MichaelPatrick
    $800 10
Pearl Buck

Patrick
    $800 28
Iceland

Michael
    $1000 16
the Netherlands

Jackie
    $1000 20
Suleiman (the Magnificent)

Patrick
    $1000 27
Beverly Sills

Michael
    $1000 29
gothic

Jackie
    $1,200 11
(Thomas) Hardy

Patrick
    $1000 30
(Patrick: What is the Land of 10,000 Lakes?)
(Jackie: What is the Land of Clear Blue Water?)
(Michael: What is the Land of a Thousand Lakes?)

The Land of Sky Blue Waters

MichaelJackiePatrick
Triple Stumper

Scores at the end of the Double Jeopardy! Round:

Michael Jackie Patrick
$3,900 $7,400 $6,000

[wagering suggestions for these scores]

Final Jeopardy! Round responses

REPUBLICANS
MichaelWho are Eisenhower, Theodore Roosevelt
$0
PatrickWho are Reagan & Eisenhower
$2,000
JackieWho were Ronald Reagan & U S Grant
$6,000
(2 of) U.S. Grant, Eisenhower, and Ronald Reagan

Final scores:

Michael Jackie Patrick
$3,900 $13,400 $8,000
3rd place: Magnavox VHS camcorder + Jeopardy! '92 home game New champion: $13,400 + Jeopardy! '92 home game 2nd place: Zeos ColorNote laptop computer & Sanyo microcassette recorder + Jeopardy! '92 home game

Game dynamics:

Coryat scores:

Michael Jackie Patrick
$3,900 $7,200 $5,600
13 R,
4 W
24 R
(including 1 DD),
7 W
19 R
(including 2 DDs),
4 W

Combined Coryat: $16,700

[game clues] [game scores] [suggest correction]

Game tape date: 1993-08-30
The J! Archive is created by fans, for fans. Scraping, republication, monetization, and malicious use prohibited; this site may use cookies and collect identifying information. See terms. The Jeopardy! game show and all elements thereof, including but not limited to copyright and trademark thereto, are the property of Jeopardy Productions, Inc. and are protected under law. This website is not affiliated with, sponsored by, or operated by Jeopardy Productions, Inc. Join the discussion at JBoard.tv.